01222cam a22003257a 4500003000500000005001700005008004100022010000900063011000900072035000900081040000900090082002100099111007600120245007000196260006100266300001100327590004100338590004100379590004100420590004100461590004100502590004200543650003400585650003300619901000700652942001000659949007100669999001500740952014100755CHAP20220329133452.0971013s1993 mx r 10010 spa d a6730 a7702 a6926 cCHAP04a580.63bC6r 199300aCongreso Mexicano de Botánica (n12d: 1993c: Mérida, Yuc.)92683513aLa botánica mexicana hacia el siglo XXIb: Libro de resúmenes aMérida, Yuc. :bSociedad Botánica de México,c1993 a295 p. aBATCH-UPDb10c20130110lUCH01h0135 aBATCH-UPDb10c20130110lUCH01h1041 aBATCH-UPDb10c20130409lUCH01h2132 aBATCH-UPDb10c20130410lUCH01h0640 aBATCH-UPDb10c20130914lUCH01h0727 aCONVERSIONb10c20130109lUCH01h130514aBotánicaxCongresos.91452214aBotánicazMéxico.914641 aBK cLIBRO a580.63 C6r 1993bBCcCONGd33724000519864eCONGh84719i6926mDsi c6730d6730 00102ddc4051708CONGaBCbBCcPA_CONGd2019-12-31fLIBROl0o580.63 C6r 1993p33724000519864r2019-12-31 00:00:00w2019-12-31yLIBRO